000
00271nam a22001217a 4500
040
_c
SY
082
_a
616
100
_a
ហ៊ន់ ហៀក
245
_a
រោគសាស្រ្តសត្វ១
260
_a
RUA
_b
ហ៊ន់
_c
NA
300
_a
56p.
942
_c
KB
999
_c
9024
_d
9024